[Event "Titled Tue 1st Jul Early"]
[Site "chess.com INT"]
[Date "2025.07.01"]
[Round "7"]
[White "Dogan, Umut Anil"]
[Black "Shymanskyi, Oleksandr"]
[Result "0-1"]
[WhiteTitle "CM"]
[BlackTitle "FM"]
[WhiteElo "2059"]
[BlackElo "2218"]
[WhiteFideId "51618060"]
[BlackFideId "14168880"]
[EventDate "2025.07.01"]

1. d4 Nf6 2. Nf3 e6 3. c4 Bb4+ 4. Bd2 a5 5. a3 Bxd2+ 6. Qxd2 O-O 7. Nc3 b6 8. e4
d6 9. Bd3 Bb7 10. O-O-O Qe7 11. g4 Nxg4 12. Rdg1 f5 13. d5 fxe4 14. Bxe4 Nf6 15.
Re1 Nxe4 16. Nxe4 Rxf3 17. Ng5 Rf6 18. Nxe6 Na6 19. Rhg1 Rg6 20. Rxg6 hxg6 21.
Nf4 Qf7 22. Re6 Nc5 23. Rxg6 Nb3+ 0-1

[Event "Titled Tue 1st Jul Early"]
[Site "chess.com INT"]
[Date "2025.07.01"]
[Round "7"]
[White "Lisenkov, Svyatoslav"]
[Black "Nguyen Hong Nhung"]
[Result "1-0"]
[WhiteTitle "CM"]
[BlackTitle "WFM"]
[WhiteElo "2283"]
[BlackElo "2227"]
[WhiteFideId "34264183"]
[BlackFideId "12412201"]
[EventDate "2025.07.01"]

1. e4 c5 2. Nf3 e6 3. Be2 Nc6 4. O-O Nf6 5. Nc3 g6 6. d4 cxd4 7. Nxd4 Bg7 8.
Ndb5 O-O 9. Bf4 e5 10. Bg5 a6 11. Nd6 h6 12. Bh4 b5 13. Nd5 g5 14. Bg3 Ne8 15.
Nf5 d6 16. c3 Bxf5 17. exf5 Nf6 18. a4 Rb8 19. axb5 axb5 20. Ra6 Qd7 21. Rxc6
Kh8 22. Ra6 Qxf5 23. Nxf6 Bxf6 24. Rxd6 b4 25. Bg4 1-0

[Event "Titled Tue 1st Jul Early"]
[Site "chess.com INT"]
[Date "2025.07.01"]
[Round "7"]
[White "Jimenez Salas, Maria Teresa"]
[Black "Nikulina, Alena"]
[Result "1-0"]
[WhiteTitle "WIM"]
[BlackTitle "WFM"]
[WhiteElo "2249"]
[BlackElo "1875"]
[WhiteFideId "3843866"]
[BlackFideId "4172051"]
[EventDate "2025.07.01"]

1. e4 c5 2. Nf3 e6 3. d4 cxd4 4. Nxd4 Nf6 5. Nc3 Nc6 6. Ndb5 Bb4 7. a3 Bxc3+ 8.
Nxc3 d5 9. exd5 Nxd5 10. Nxd5 exd5 11. Bd3 O-O 12. O-O Ne5 13. Be2 Be6 14. Bf4
Ng6 15. Bg3 Qb6 16. b3 Rac8 17. Kh1 Rfd8 18. Bd3 a6 19. f4 Bd7 20. f5 Ne7 21. f6
Ng6 22. fxg7 Kxg7 23. Qf3 Be6 24. Qf6+ Kg8 25. Bxg6 fxg6 26. Be5 Bf5 27. Qg7# 1-0

[Event "Titled Tue 1st Jul Early"]
[Site "chess.com INT"]
[Date "2025.07.01"]
[Round "7"]
[White "Vincenti, Leonardo"]
[Black "Rivera Huerta, Alberto"]
[Result "1-0"]
[WhiteTitle "CM"]
[BlackTitle "CM"]
[WhiteElo "2265"]
[BlackElo "1994"]
[WhiteFideId "28550820"]
[BlackFideId "5106052"]
[EventDate "2025.07.01"]

1. e4 c5 2. Nf3 Nc6 3. Bb5 g6 4. O-O Bg7 5. c3 a6 6. Bxc6 bxc6 7. d4 cxd4 8.
cxd4 Nf6 9. Nc3 O-O 10. e5 Nd5 11. Nxd5 cxd5 12. h4 d6 13. h5 dxe5 14. hxg6 hxg6
15. Nxe5 Bf5 16. Bf4 Qb6 17. Qd2 Rac8 18. Rac1 Qb5 19. Rxc8 Rxc8 20. Rc1 Rxc1+
21. Qxc1 Bxe5 22. Bxe5 f6 23. Bg3 Qd3 24. Qc5 Qb1+ 25. Kh2 1-0

[Event "Titled Tue 1st Jul Early"]
[Site "chess.com INT"]
[Date "2025.07.01"]
[Round "7"]
[White "Ribeiro, Gustavo"]
[Black "Sarasketa Irastortza, Oier"]
[Result "0-1"]
[WhiteTitle "FM"]
[BlackTitle "CM"]
[WhiteElo "2314"]
[BlackElo "2140"]
[WhiteFideId "1941852"]
[BlackFideId "54728207"]
[EventDate "2025.07.01"]

1. e4 e5 2. Nf3 Nc6 3. Bb5 Nf6 4. O-O Nxe4 5. Re1 Nd6 6. Nxe5 Be7 7. Bf1 Nxe5 8.
Rxe5 O-O 9. Nc3 Bf6 10. Re2 Re8 11. Nd5 Rxe2 12. Nxf6+ Qxf6 13. Bxe2 b6 14. d4
Bb7 15. Bd3 Re8 16. Be3 Nf5 17. Qg4 Nxe3 18. Re1 Qxf2+ 0-1

[Event "Titled Tue 1st Jul Early"]
[Site "chess.com INT"]
[Date "2025.07.01"]
[Round "7"]
[White "McDonald, Jhustice-Dimonte"]
[Black "Legenia, Artem"]
[Result "0-1"]
[WhiteTitle "CM"]
[WhiteElo "2041"]
[BlackElo "2092"]
[WhiteFideId "7402481"]
[BlackFideId "14136945"]
[EventDate "2025.07.01"]

1. Nf3 c5 2. b3 e6 3. Bb2 Nf6 4. e3 d6 5. d4 cxd4 6. Nxd4 Be7 7. Nd2 O-O 8. Be2
a6 9. Bf3 e5 10. Ne2 Nc6 11. O-O Be6 12. Nc3 d5 13. e4 d4 14. Ne2 Rc8 15. Ng3
Qd7 16. c3 Rfd8 17. cxd4 exd4 18. Rc1 b5 19. Qe2 Nb4 20. a3 Na2 21. Ra1 Nc3 22.
Bxc3 dxc3 23. Nb1 c2 24. Nd2 Qxd2 25. e5 Qxe2 26. Nxe2 Nd5 27. Rab1 cxb1=Q 0-1

[Event "Titled Tue 1st Jul Early"]
[Site "chess.com INT"]
[Date "2025.07.01"]
[Round "7"]
[White "Bashirov, Kemal"]
[Black "Jandric, Damjan"]
[Result "1-0"]
[WhiteTitle "FM"]
[BlackTitle "CM"]
[WhiteElo "2305"]
[BlackElo "2179"]
[WhiteFideId "14183650"]
[BlackFideId "921475"]
[EventDate "2025.07.01"]

1. d4 d5 2. c4 dxc4 3. e3 Nf6 4. Bxc4 e6 5. Nf3 c5 6. O-O Nc6 7. dxc5 Qxd1 8.
Rxd1 Bxc5 9. a3 b6 10. b4 Be7 11. Bb2 Bb7 12. Nbd2 O-O 13. Rac1 Rfd8 14. Nb3
Rxd1+ 15. Rxd1 Rd8 16. Rc1 Bf8 17. h3 Ne7 18. Be2 Ned5 19. Ne5 Rc8 20. Rxc8 Bxc8
21. Nc6 a6 22. Nb8 b5 23. Nc6 Ne4 24. Bd3 Nec3 25. g3 Na4 26. Be5 f6 27. Bd4 e5
28. Ba7 Kf7 29. Nba5 h6 30. Bc2 Nab6 31. Bb3 Be6 32. Nd8+ Ke7 33. Nxe6 Kxe6 34.
Bxb6 1-0

[Event "Titled Tue 1st Jul Early"]
[Site "chess.com INT"]
[Date "2025.07.01"]
[Round "7"]
[White "Daulet, Alikhan"]
[Black "Jaiswal, Rupesh"]
[Result "1-0"]
[WhiteTitle "CM"]
[BlackTitle "FM"]
[WhiteElo "2075"]
[BlackElo "2064"]
[WhiteFideId "13741632"]
[BlackFideId "12300870"]
[EventDate "2025.07.01"]

1. d4 Nf6 2. c4 g6 3. Nc3 Bg7 4. h4 d6 5. e4 c5 6. d5 O-O 7. Be2 e6 8. h5 exd5
9. cxd5 a6 10. Bf4 Re8 11. hxg6 hxg6 12. Qc2 b5 13. f3 Nh5 14. Be3 Qf6 15. Nh3
Ng3 16. Rg1 Bxh3 17. gxh3 Nxe2 18. Qxe2 Nd7 19. O-O-O Nb6 20. Bg5 Bh6 21. Bxh6
b4 22. Nb1 c4 23. Be3 Na4 24. Bd4 Qh4 25. Qf2 Qg5+ 26. Rxg5 1-0

[Event "Titled Tue 1st Jul Early"]
[Site "chess.com INT"]
[Date "2025.07.01"]
[Round "7"]
[White "Zakin, Ilay"]
[Black "Romany, Joy"]
[Result "0-1"]
[WhiteTitle "FM"]
[BlackTitle "WIM"]
[WhiteElo "2300"]
[BlackElo "1960"]
[WhiteFideId "2848279"]
[BlackFideId "10656820"]
[EventDate "2025.07.01"]

1. e4 e5 2. Nf3 Nc6 3. Nc3 Nf6 4. d4 exd4 5. Nxd4 Bb4 6. Nxc6 bxc6 7. Bd3 d5 8.
exd5 cxd5 9. O-O O-O 10. h3 c6 11. Qf3 h6 12. Bf4 Be6 13. Ne2 Bd6 14. Rad1 Rb8
15. b3 Qc7 16. Bxd6 Qxd6 17. Nd4 Bd7 18. Rfe1 Rfe8 19. Nf5 Bxf5 20. Qxf5 Qd7 21.
Qf3 Qc7 22. c4 Re7 23. Rxe7 Qxe7 24. cxd5 cxd5 25. Bb1 Re8 26. Qf5 Qe6 27. Kf1
Qe2+ 28. Kg1 Qxd1+ 29. Kh2 Qe2 30. f4 Qe6 31. Qd3 Ne4 32. a4 Qf6 33. Qf3 Nd2 34.
Qxd5 Nxb1 35. f5 Qe5+ 36. Qxe5 Rxe5 37. g4 Re2+ 38. Kg3 Re3+ 0-1

[Event "Titled Tue 1st Jul Early"]
[Site "chess.com INT"]
[Date "2025.07.01"]
[Round "7"]
[White "Nurgaliyev, Sauat"]
[Black "Kislinsky, Alexey"]
[Result "1-0"]
[WhiteTitle "IM"]
[BlackTitle "GM"]
[WhiteElo "2404"]
[BlackElo "2341"]
[WhiteFideId "13726285"]
[BlackFideId "14108801"]
[EventDate "2025.07.01"]

1. e4 c5 2. Nc3 Nc6 3. g3 g6 4. Bg2 Bg7 5. Nge2 Nf6 6. d3 d6 7. O-O O-O 8. h3
Bd7 9. Be3 Rb8 10. d4 cxd4 11. Nxd4 Nxd4 12. Bxd4 a6 13. e5 Ne8 14. Nd5 b5 15.
Ba7 Ra8 16. Bb6 Qb8 17. Nxe7+ Kh8 18. exd6 Nxd6 19. Bc5 Nb7 20. Nxg6+ hxg6 21.
Bxf8 Bxf8 22. Qxd7 Ra7 23. Qxf7 Nd6 24. Qxg6 Rg7 25. Qh5+ Rh7 26. Qd5 Nc4 27. b3
Nb6 28. Qf5 Bg7 29. Rad1 Rh6 30. Rfe1 b4 31. Qf7 Qg8 32. Re8 Qxe8 33. Qxe8+ Kh7
34. Be4+ 1-0

[Event "Titled Tue 1st Jul Early"]
[Site "chess.com INT"]
[Date "2025.07.01"]
[Round "7"]
[White "Predein, Vladimir"]
[Black "Slovineanu, Viacheslav"]
[Result "0-1"]
[WhiteTitle "IM"]
[BlackTitle "IM"]
[WhiteElo "2373"]
[BlackElo "2412"]
[WhiteFideId "4117786"]
[BlackFideId "13900510"]
[EventDate "2025.07.01"]

1. e4 c6 2. d4 d5 3. e5 Bf5 4. Nf3 e6 5. Be2 Nd7 6. O-O a6 7. a4 h6 8. a5 Bb4 9.
Bd2 Bxd2 10. Nbxd2 c5 11. dxc5 Nxc5 12. b4 Nd7 13. c4 Ne7 14. Nb3 dxc4 15. Bxc4
Rc8 16. Qe2 O-O 17. Rfd1 Qc7 18. Rac1 Nc6 19. Bd3 Bxd3 20. Rxd3 Ndxe5 21. Nxe5
Qxe5 22. Re3 Qf6 23. Rf3 Nd4 24. Qd1 Nxf3+ 25. gxf3 Rxc1 26. Nxc1 Rd8 27. Qe1
Qg5+ 28. Kf1 Qd2 29. Qxd2 Rxd2 30. Nb3 Rb2 0-1

[Event "Titled Tue 1st Jul Early"]
[Site "chess.com INT"]
[Date "2025.07.01"]
[Round "7"]
[White "Kopczynski, Michal"]
[Black "Ivashentseva, Dominika"]
[Result "1-0"]
[WhiteTitle "CM"]
[BlackTitle "WCM"]
[WhiteElo "2225"]
[BlackElo "1970"]
[WhiteFideId "1124200"]
[BlackFideId "34331050"]
[EventDate "2025.07.01"]

1. e4 c5 2. d4 cxd4 3. c3 dxc3 4. Nxc3 e6 5. f4 Bb4 6. Nf3 Ne7 7. Bd3 d5 8. e5
d4 9. Nxd4 O-O 10. Nf3 Nd5 11. Bxh7+ Kh8 12. Bd2 Nxc3 13. bxc3 Bxc3 14. Be4
Bxd2+ 15. Nxd2 f5 16. exf6 Qxf6 17. O-O Qd4+ 18. Kh1 Qf6 19. Rf3 Kg8 20. Rh3 e5
21. Bh7+ Kh8 22. Bf5+ Kg8 23. Qb3+ Rf7 24. Bxc8 Qxf4 25. Rf3 Qxd2 26. Qxf7+ Kh7
27. Rh3+ Qh6 28. Bf5+ Kh8 29. Qf8# 1-0

[Event "Titled Tue 1st Jul Early"]
[Site "chess.com INT"]
[Date "2025.07.01"]
[Round "7"]
[White "Kiremitciyan, Ari"]
[Black "Politov, Pavel Y."]
[Result "1-0"]
[WhiteTitle "FM"]
[BlackTitle "FM"]
[WhiteElo "2271"]
[BlackElo "2190"]
[WhiteFideId "6373445"]
[BlackFideId "24110515"]
[EventDate "2025.07.01"]

1. e4 Nc6 2. Nf3 d5 3. exd5 Qxd5 4. h3 Bf5 5. Nc3 Qd7 6. Bb5 a6 7. Ne5 Qe6 8.
Bxc6+ bxc6 9. Qe2 Bxc2 10. d3 f6 11. Qxc2 Qxe5+ 12. Be3 e6 13. Qa4 Ne7 14. O-O
g5 15. Rfe1 Kf7 16. Bb6 Qf5 17. Bxc7 Nd5 18. Qxc6 Nxc7 19. Qxc7+ Be7 20. Ne4
Rac8 21. Nd6+ Kg6 22. Nxc8 1-0

[Event "Titled Tue 1st Jul Early"]
[Site "chess.com INT"]
[Date "2025.07.01"]
[Round "7"]
[White "Asensio Ramos, Enrique Fernando"]
[Black "Vihaan Karthikeya N"]
[Result "0-1"]
[WhiteTitle "CM"]
[BlackTitle "CM"]
[WhiteElo "2200"]
[BlackElo "2179"]
[WhiteFideId "2214172"]
[BlackFideId "25950673"]
[EventDate "2025.07.01"]

1. d4 d5 2. Nc3 e6 3. Bf4 Bd6 4. e3 Bxf4 5. exf4 Nf6 6. h4 c5 7. dxc5 Qc7 8. Qd4
Nc6 9. Bb5 O-O 10. Bxc6 bxc6 11. b4 a5 12. b5 cxb5 13. Nxb5 Qc6 14. Nc3 Ba6 15.
Nf3 Rac8 16. Na4 Bc4 17. Ne5 Qxa4 18. Rc1 Ne4 19. f3 Qb4+ 20. c3 Qb2 21. Qe3 Ng3
22. Rh3 Qxg2 23. Rxg3 Qxg3+ 24. Qf2 Qxf4 25. Nd3 Bxd3 26. Qd2 Qxf3 0-1

[Event "Titled Tue 1st Jul Early"]
[Site "chess.com INT"]
[Date "2025.07.01"]
[Round "7"]
[White "Smieszek, Wojciech"]
[Black "Newansa, M Esandi"]
[Result "1-0"]
[WhiteTitle "CM"]
[BlackTitle "WFM"]
[WhiteElo "2141"]
[BlackElo "1905"]
[WhiteFideId "1156047"]
[BlackFideId "9999060"]
[EventDate "2025.07.01"]

1. e4 c6 2. d4 d5 3. f3 e6 4. Nc3 Bb4 5. e5 Bxc3+ 6. bxc3 c5 7. f4 Ne7 8. Nf3
Nf5 9. Bd3 g6 10. Bxf5 exf5 11. Be3 cxd4 12. cxd4 Be6 13. O-O Nc6 14. Bf2 Qa5
15. Bh4 O-O 16. Bf6 h6 17. Rb1 b6 18. Rb3 Qxa2 19. Qe1 Na5 20. Qh4 h5 21. Re3
Rac8 22. Qg5 Kh7 23. Ne1 Rh8 24. Rh3 Kg8 25. Bxh8 Kxh8 26. Qh6+ Kg8 27. Rg3 Rc6
28. Qxh5 Qc4 29. c3 b5 30. Qh6 Rc7 31. Rh3 f6 32. Qh8+ Kf7 33. Rh7# 1-0

[Event "Titled Tue 1st Jul Early"]
[Site "chess.com INT"]
[Date "2025.07.01"]
[Round "7"]
[White "Mourao, Igor A.C.Lofredo"]
[Black "Cunha, Lucas Aguiar"]
[Result "1-0"]
[BlackTitle "FM"]
[WhiteElo "2177"]
[BlackElo "2254"]
[WhiteFideId "2102544"]
[BlackFideId "2125404"]
[EventDate "2025.07.01"]

1. d4 Nf6 2. c4 e6 3. Nc3 Bb4 4. g3 O-O 5. Bg2 c5 6. Nf3 cxd4 7. Nxd4 Nc6 8. O-O
Ne5 9. Qb3 Be7 10. Bf4 Ng6 11. Be3 Ng4 12. Bd2 Bc5 13. Nf3 a6 14. Rad1 Rb8 15.
Ne4 Ba7 16. Bb4 b5 17. Bxf8 bxc4 18. Qxc4 Qxf8 19. Nd6 Nxf2 20. Rxf2 Bb7 21. Qc7
Bxf2+ 22. Kxf2 Bc6 23. b3 Ne7 24. Ne5 Bxg2 25. Nxd7 Qd8 26. Qxb8 1-0

[Event "Titled Tue 1st Jul Early"]
[Site "chess.com INT"]
[Date "2025.07.01"]
[Round "7"]
[White "Uritsky, Yonathan"]
[Black "Jake Shanty"]
[Result "0-1"]
[WhiteTitle "FM"]
[BlackTitle "FM"]
[WhiteElo "2368"]
[BlackElo "2252"]
[WhiteFideId "2825651"]
[BlackFideId "33478066"]
[EventDate "2025.07.01"]

1. Nf3 Nf6 2. b3 g6 3. e3 Bg7 4. Bb2 O-O 5. Be2 d6 6. d4 Nbd7 7. O-O e5 8. dxe5
Ng4 9. c4 Ngxe5 10. Nc3 Nxf3+ 11. Bxf3 Ne5 12. Be2 Bd7 13. f4 Nc6 14. Qd2 Re8
15. Bf3 Rb8 16. Rad1 Ne7 17. c5 Bc6 18. cxd6 cxd6 19. Bxc6 bxc6 20. e4 d5 21.
exd5 cxd5 22. Nxd5 Qxd5 23. Qxd5 Nxd5 24. Bxg7 Ne3 25. Be5 Rbc8 26. Rfe1 Nxd1
27. Rxd1 Red8 28. Rxd8+ Rxd8 29. a4 Rd1+ 30. Kf2 Rb1 31. Bd4 a6 32. a5 Rxb3 33.
Bb6 f5 34. g3 Kf7 35. Kg2 Ke6 36. Bd4 Kd5 37. Bf6 Kc6 38. Kh3 Ra3 39. Bd8 Kd7
40. Bb6 Rb3 41. Bf2 Rb5 42. Be1 Rb2 43. Bc3 Ra2 44. Be1 Kc6 45. Bc3 Kb5 0-1

[Event "Titled Tue 1st Jul Early"]
[Site "chess.com INT"]
[Date "2025.07.01"]
[Round "7"]
[White "Bashirli, Saadat"]
[Black "Sharapov, Yevhen"]
[Result "1-0"]
[WhiteTitle "WCM"]
[BlackTitle "GM"]
[WhiteElo "2005"]
[BlackElo "2375"]
[WhiteFideId "13429990"]
[BlackFideId "14103133"]
[EventDate "2025.07.01"]

1. d4 d5 2. c4 c6 3. Nc3 Nf6 4. cxd5 cxd5 5. Bf4 Nc6 6. e3 a6 7. Qb3 Na5 8. Qa4+
Bd7 9. Qc2 Rc8 10. Bd3 e6 11. Nf3 b5 12. a3 Nc4 13. O-O Be7 14. Qe2 O-O 15. Rac1
a5 16. e4 b4 17. axb4 axb4 18. e5 bxc3 19. exf6 Bxf6 20. Rxc3 Qb6 21. Bxc4 Rxc4
22. Be5 Rxc3 23. bxc3 Bxe5 24. Nxe5 Bb5 25. Qb2 f6 26. Nd7 Qc6 27. Nxf8 Bxf1 28.
Qb8 Bc4 29. Nxe6+ Kf7 30. Nd8+ 1-0

[Event "Titled Tue 1st Jul Early"]
[Site "chess.com INT"]
[Date "2025.07.01"]
[Round "7"]
[White "Birkisson, Bjorn Holm"]
[Black "Cacheiro Blanco, Diego"]
[Result "0-1"]
[WhiteTitle "CM"]
[BlackTitle "FM"]
[WhiteElo "2159"]
[BlackElo "2383"]
[WhiteFideId "2310600"]
[BlackFideId "54541042"]
[EventDate "2025.07.01"]

1. e4 c5 2. Nf3 d6 3. d4 cxd4 4. Nxd4 Nf6 5. Nc3 Nc6 6. Bg5 e6 7. f4 a6 8. Qd2
Bd7 9. O-O-O h6 10. Bh4 Be7 11. Bxf6 Bxf6 12. Nxc6 Bxc6 13. Qxd6 Qxd6 14. Rxd6
g5 15. fxg5 Be5 16. Rd1 hxg5 17. Bd3 Rxh2 18. Rxh2 Bxh2 19. Rh1 Bf4+ 20. Kd1 Ke7
21. Ke2 b5 22. a3 Rb8 23. Nd1 Be5 24. c3 a5 25. Ne3 b4 26. axb4 axb4 27. Nc4 Bc7
28. cxb4 Rxb4 29. Ra1 Bb5 30. Ra7 Kd8 31. Ra8+ Kd7 32. b3 Rxb3 33. Ra7 Kc8 34.
Ra3 Bxc4 35. Ra8+ Kb7 36. Bxc4 Rb2+ 37. Kf3 Kxa8 0-1

[Event "Titled Tue 1st Jul Early"]
[Site "chess.com INT"]
[Date "2025.07.01"]
[Round "7"]
[White "Hrabinska, Myroslava"]
[Black "Lu, Xiahan (Luna)"]
[Result "1-0"]
[WhiteTitle "WGM"]
[BlackTitle "WCM"]
[WhiteElo "2121"]
[BlackElo "1896"]
[WhiteFideId "14109190"]
[BlackFideId "4317076"]
[EventDate "2025.07.01"]

1. e4 c6 2. d4 d5 3. e5 Bf5 4. Nf3 h6 5. Be2 Nd7 6. O-O e6 7. Nbd2 c5 8. c4 cxd4
9. Nxd4 Bh7 10. cxd5 exd5 11. Bb5 Bc5 12. e6 fxe6 13. Nxe6 Kf7 14. Bxd7 Qb6 15.
Nxc5 Qxc5 16. Nb3 Qd6 17. Qf3+ Nf6 18. Bf5 Bg8 19. Nd4 Kf8 20. Bf4 Qb6 21. Be5
Bf7 22. Qg3 Rg8 23. Bd6+ Ke8 24. Rfe1+ Kd8 25. Be7+ Ke8 26. Bxf6+ 1-0

[Event "Titled Tue 1st Jul Early"]
[Site "chess.com INT"]
[Date "2025.07.01"]
[Round "7"]
[White "Bristy, Mukherjee"]
[Black "Causo, Deniel"]
[Result "1-0"]
[WhiteTitle "WFM"]
[BlackTitle "FM"]
[WhiteElo "2031"]
[BlackElo "2224"]
[WhiteFideId "25077325"]
[BlackFideId "5203660"]
[EventDate "2025.07.01"]

1. Nc3 d5 2. d4 c6 3. Nf3 Bg4 4. h3 Bxf3 5. exf3 Nd7 6. Bf4 Ngf6 7. Qd2 e6 8. g4
Qa5 9. O-O-O Nb6 10. Kb1 Bb4 11. a3 Bxc3 12. Qxc3 Qxc3 13. bxc3 Na4 14. Bd2 b5
15. Ka2 Nd7 16. Kb3 Ndb6 17. f4 Kd7 18. Re1 Rhe8 19. Rg1 g6 20. Rg3 Nc8 21. Bd3
Nd6 22. h4 Nb6 23. g5 Nbc4 24. Bc1 a5 25. Rh1 Nf5 26. Rgh3 Ng7 27. Be2 Rab8 28.
h5 Nf5 29. hxg6 hxg6 30. Bd3 Nfd6 31. Rh7 Rf8 32. Rg7 Ke7 33. Bxg6 Rh8 34. Rgh7
Rxh7 35. Rxh7 Rg8 36. Bd3 Kf8 37. f3 Nb6 38. Be3 Nbc8 39. f5 exf5 40. Bf4 Ke7
41. Rh5 Rg6 42. Be5 Nc4 43. Bf6+ Ke6 44. f4 N8d6 45. Rh8 Ne4 46. Re8+ Kd7 47.
Re7+ Kd6 48. Rxf7 Ned2+ 49. Ka2 Rg8 50. Bxf5 Re8 51. Rd7# 1-0

[Event "Titled Tue 1st Jul Early"]
[Site "chess.com INT"]
[Date "2025.07.01"]
[Round "7"]
[White "Palomo, Franklin Annervys"]
[Black "Roebers, Jan"]
[Result "1-0"]
[WhiteTitle "FM"]
[BlackTitle "FM"]
[WhiteElo "2243"]
[BlackElo "2030"]
[WhiteFideId "3906965"]
[BlackFideId "1007815"]
[EventDate "2025.07.01"]

1. Nf3 c5 2. e4 d6 3. d4 cxd4 4. Nxd4 Nf6 5. Nc3 a6 6. f4 e5 7. Nf3 Nbd7 8. Bd3
Qc7 9. O-O Be7 10. Kh1 O-O 11. Qe1 b5 12. a3 exf4 13. Bxf4 Ne5 14. Nd4 Be6 15.
h3 Rac8 16. Rd1 Qc5 17. Be3 Qc7 18. Rd2 Nc6 19. Nf5 Bxf5 20. Rxf5 Ne5 21. Rdf2
Qd8 22. Bd4 Nfd7 23. Nd5 Bh4 24. Qe2 Bxf2 25. Qxf2 f6 26. Qh4 Nc5 27. Qg3 Ncxd3
28. cxd3 Rc1+ 29. Kh2 Qe8 30. Nxf6+ Rxf6 31. Rxf6 Qe7 32. Bxe5 dxe5 33. Rxa6 Qc5
34. Ra8+ Kf7 35. Qf3+ Kg6 36. Ra6+ Kg5 37. Qg4# 1-0

[Event "Titled Tue 1st Jul Early"]
[Site "chess.com INT"]
[Date "2025.07.01"]
[Round "7"]
[White "Safin Safarullakhan"]
[Black "Motola, Jacopo"]
[Result "0-1"]
[WhiteTitle "CM"]
[BlackTitle "FM"]
[WhiteElo "2028"]
[BlackElo "2333"]
[WhiteFideId "33379475"]
[BlackFideId "863190"]
[EventDate "2025.07.01"]

1. e4 e5 2. Nf3 Nc6 3. Bc4 Nf6 4. d3 Bc5 5. c3 a6 6. b4 Ba7 7. a4 d6 8. O-O Ne7
9. Nbd2 Ng6 10. h3 O-O 11. Re1 h6 12. Nf1 c6 13. Bb3 Re8 14. Be3 Bxe3 15. fxe3
d5 16. exd5 cxd5 17. Ng3 Qc7 18. Ne2 Be6 19. d4 e4 20. Ne5 Nxe5 21. dxe5 Qxe5
22. Nd4 Bxh3 23. gxh3 Qg3+ 24. Kf1 Qxh3+ 25. Kg1 Re5 26. Re2 Rg5+ 27. Kf2 Qh4+
28. Kf1 Qh1+ 29. Kf2 Rg2# 0-1

[Event "Titled Tue 1st Jul Early"]
[Site "chess.com INT"]
[Date "2025.07.01"]
[Round "7"]
[White "Alvarado Diaz, Alejandro"]
[Black "Durarbayli, Vasif"]
[Result "0-1"]
[WhiteTitle "IM"]
[BlackTitle "GM"]
[WhiteElo "2484"]
[BlackElo "2612"]
[WhiteFideId "2276119"]
[BlackFideId "13402935"]
[EventDate "2025.07.01"]

1. e4 c5 2. Be2 d6 3. d3 g6 4. f4 Bg7 5. Nf3 Bg4 6. O-O Nc6 7. c3 Bxf3 8. Bxf3
Nf6 9. e5 dxe5 10. Bxc6+ bxc6 11. fxe5 Nd5 12. e6 f5 13. Na3 O-O 14. Nc4 Nb6 15.
Qe2 Qd5 16. Bg5 Bf6 17. Bxf6 Rxf6 18. Rfe1 Rd8 19. Rad1 f4 20. Qf3 Qxf3 21. gxf3
Nxc4 22. dxc4 Rxd1 23. Rxd1 Rxe6 24. Rd7 Kf7 25. Rxa7 Re2 26. b3 g5 27. a4 Re3
28. a5 Rxf3 29. a6 Rxc3 30. Rb7 Rc1+ 31. Kf2 Ra1 32. a7 g4 33. Rc7 Ra2+ 34. Kg1
f3 35. Kf1 h5 36. Rxc6 Rxa7 37. Rxc5 Ra1+ 38. Kf2 Ra2+ 39. Ke3 Rxh2 40. b4 e5
41. Rc7+ Kf6 42. b5 Re2+ 43. Kd3 e4+ 44. Kc3 f2 45. Rc8 Kg7 46. Rc7+ Kg6 47.
Rc6+ Kg5 48. Rc5+ Kh4 49. Rf5 Re3+ 50. Kd2 Rf3 0-1

[Event "Titled Tue 1st Jul Early"]
[Site "chess.com INT"]
[Date "2025.07.01"]
[Round "7"]
[White "Moroni, Luca Jr"]
[Black "Nepomniachtchi, Ian"]
[Result "0-1"]
[WhiteTitle "GM"]
[BlackTitle "GM"]
[WhiteElo "2549"]
[BlackElo "2742"]
[WhiteFideId "865834"]
[BlackFideId "4168119"]
[EventDate "2025.07.01"]

1. c4 Nf6 2. Nc3 e5 3. e3 Bb4 4. Nge2 O-O 5. a3 Be7 6. d4 exd4 7. Nxd4 d5 8. Be2
c5 9. Nf3 dxc4 10. Qxd8 Rxd8 11. Bxc4 Nc6 12. O-O Bf5 13. Re1 Na5 14. Ba2 Bc2
15. e4 Nb3 16. Bxb3 Bxb3 17. Bg5 h6 18. Bh4 g5 19. Bg3 Nh5 20. Nd5 Bxd5 21. exd5
Bf6 22. Be5 Rxd5 23. Bxf6 Nxf6 24. Re7 Rad8 25. Rae1 R8d7 26. h4 g4 27. Rxd7
Nxd7 28. Nh2 Ne5 29. Nf1 f6 30. Kh2 c4 31. Kg3 b5 32. Re2 Kf7 33. h5 Ke6 34. Ne3
Rd4 35. Nc2 Rd3+ 36. Ne3 f5 37. f3 gxf3 38. gxf3 Kf6 39. Kf2 f4 40. Ng4+ Nxg4+
41. fxg4 Rb3 42. Rd2 Kg5 43. Rd6 Rxb2+ 44. Kf3 Rb3+ 45. Ke4 Re3+ 46. Kd4 Rd3+ 0-1

[Event "Titled Tue 1st Jul Early"]
[Site "chess.com INT"]
[Date "2025.07.01"]
[Round "7"]
[White "Akhmedov, David"]
[Black "Chigaev, Maksim"]
[Result "0-1"]
[WhiteTitle "FM"]
[BlackTitle "GM"]
[WhiteElo "2447"]
[BlackElo "2628"]
[WhiteFideId "34220194"]
[BlackFideId "4108116"]
[EventDate "2025.07.01"]

1. d4 Nf6 2. c4 g6 3. Nc3 Bg7 4. g3 O-O 5. Bg2 d6 6. Nf3 c5 7. O-O Nc6 8. d5 Na5
9. Nd2 a6 10. Qc2 b5 11. Rb1 bxc4 12. e4 Ng4 13. Nd1 Rb8 14. Nxc4 Nxc4 15. Qxc4
a5 16. f4 Qb6 17. Qc2 Ba6 18. Re1 Bd3 19. Qxd3 c4+ 20. Be3 Nxe3 21. Qe2 Nxd1+
22. Kf1 Nxb2 23. e5 c3 24. e6 f5 25. Rbc1 Qb5 26. Qxb5 Rxb5 27. Re3 Rc8 28. Bf3
Nc4 29. Rd3 Rb2 30. Be2 Rd2 31. Rdxc3 Bxc3 32. Rxc3 Nb6 33. Rb3 Nxd5 0-1